Strategy of economic development (Record no. 22348)

MARC details
000 -LEADER
fixed length control field 00275nam a2200109Ia 4500
082 ## - DEWEY DECIMAL CLASSIFICATION NUMBER
Classification number 033
Item number ANJ
100 ## - MAIN ENTRY--AUTHOR NAME
Personal name Anjaria, J J
245 #0 - TITLE STATEMENT
Title Strategy of economic development
260 ## - PUBLICATION, DISTRIBUTION, ETC. (IMPRINT)
Place of publication Bombay
Name of publisher Orient Longman
Year of publication 1969
942 ## - ADDED ENTRY ELEMENTS (KOHA)
Koha item type Books
Holdings
Withdrawn status Lost status Damaged status Not for loan Home library Current library Date acquired Full call number Accession Number Koha item type
        RRII Library RRII Library 16/12/2021 033 ANJ 03068 Books